UM Logo

Enjoy successful parenting: (Record no. 7855)

MARC details
000 -LEADER
fixed length control field 00628nam a2200181 4500
008 - FIXED-LENGTH DATA ELEMENTS--GENERAL INFORMATION
fixed length control field 171201b xxu||||| |||| 00| 0 eng d
020 ## - INTERNATIONAL STANDARD BOOK NUMBER
International Standard Book Number 0-9640558-5-6
082 ## - DEWEY DECIMAL CLASSIFICATION NUMBER
Edition number 1996
Classification number DC 649.1
Item number Mc18e
100 ## - MAIN ENTRY--PERSONAL NAME
9 (RLIN) 23885
Personal name McIntire, Roger W.
245 ## - TITLE STATEMENT
Title Enjoy successful parenting:
Remainder of title practical strategies for parents of children 2-12/
Statement of responsibility, etc. Roger W. McIntire.
260 ## - PUBLICATION, DISTRIBUTION, ETC. (IMPRINT)
Place of publication, distribution, etc. Columbia, MD:
Name of publisher, distributor, etc. Summit Crossroads Press,
Date of publication, distribution, etc. ©1996.
300 ## - PHYSICAL DESCRIPTION
Extent xv, 267 pages;
Dimensions 23 cm.
500 ## - GENERAL NOTE
General note Includes index.
650 #0 - SUBJECT ADDED ENTRY--TOPICAL TERM
9 (RLIN) 23886
Topical term or geographic name as entry element Parenting
General subdivision Psychological aspects.
650 #0 - SUBJECT ADDED ENTRY--TOPICAL TERM
9 (RLIN) 23887
Topical term or geographic name as entry element Child
General subdivision rearing
650 #0 - SUBJECT ADDED ENTRY--TOPICAL TERM
9 (RLIN) 23888
Topical term or geographic name as entry element Parent and child
942 ## - ADDED ENTRY ELEMENTS (KOHA)
Source of classification or shelving scheme Dewey Decimal Classification
Koha item type Circulation
Holdings
Withdrawn status Lost status Source of classification or shelving scheme Damaged status Not for loan Collection code Home library Current library Date acquired Source of acquisition Total Checkouts Full call number Barcode Date last seen Copy number Price effective from Koha item type
    Dewey Decimal Classification     Circulation UM Digos College - LIC UM Digos College - LIC 04/26/2010 PLMP   DC 649.1 Mc18e 1996 20750 05/15/2025 1 12/01/2017 Circulation